Easy Bible object talks. (Record no. 9964)

000 -LEADER
fixed length control field 00587nam a2200181 a 4500
001 - CONTROL NUMBER
control field :::00007749$&:&@@
003 - CONTROL NUMBER IDENTIFIER
control field OkBaRHE
005 - DATE AND TIME OF LATEST TRANSACTION
control field 20110318121603.0
008 - FIXED-LENGTH DATA ELEMENTS--GENERAL INFORMATION
fixed length control field s1985 j 000 0 eng u
040 ## - CATALOGING SOURCE
Transcribing agency
100 1# - MAIN ENTRY--PERSONAL NAME
Personal name Michaels, Larry R.
245 10 - TITLE STATEMENT
Title Easy Bible object talks.
260 ## - PUBLICATION, DISTRIBUTION, ETC. (IMPRINT)
Place of publication, distribution, etc Cincinnati, OH., :
Name of publisher, distributor, etc Standard Publishing
Date of publication, distribution, etc c1985
300 ## - PHYSICAL DESCRIPTION
Extent 48 p. : illus. ;
Dimensions 22 cm.
650 ## - SUBJECT ADDED ENTRY--TOPICAL TERM
Topical term or geographic name as entry element Object-teaching
942 ## - ADDED ENTRY ELEMENTS (KOHA)
Source of classification or shelving scheme
Koha item type Books
Copies
Withdrawn status Barcode Date last seen Source of classification or shelving scheme Permanent Location Koha item type Price effective from Not for loan Full call number Date checked out Date acquired Total Checkouts Shelving location Copy number Current Location Damaged status Lost status
 77492011-03-18 RHEMA Bible Training CollegeBooks2010-04-14 BV 1535 .M482011-03-052010-04-141General Stacks1RHEMA Bible Training College